Random Objects by Picture #8 - Statistics

General Stats
  • This quiz has been taken 7 times
  • The average score is 6 of 18
Answer Stats
Picture Answer % Correct
Desert Animals
60%
Dodo
60%
Elk
60%
Farm Animals
60%
Mario
60%
Stag
60%
Deer
40%
Tapir
40%
Black Snake
20%
Junk Boat
20%
Malayan Tapir
20%
Mamushi
20%
Roosevelt Elk
20%
Sika Deer
20%
Sika Stag
20%
Snake
20%
Styracosaurus
20%
Wild Tapir
20%
No matching quizzes found
Score Distribution
Percent of People with Each Score
Percentile by Number Answered
Your Score History
You have not taken this quiz